| 000 | 00386pab a2200121 454500 | ||
|---|---|---|---|
| 008 | 180718b xxu||||| |||| 00| 0 eng d | ||
| 100 | _aWickramanayake Ebel | ||
| 245 | _aChanges in rural industries in Sri Lanka after the open economic policy | ||
| 362 | _a13(3), Jul-Sep 1994, p.337-42 | ||
| 650 | _aRural Industries -- Sri Lanka | ||
| 773 | _aJournal of Rural Development | ||
| 909 | _a28036 | ||
| 999 |
_c28036 _d28036 |
||